| 000 | 00801nam a2200241 i 4500 | ||
|---|---|---|---|
| 001 | 10410 | ||
| 003 | ES-MaACL | ||
| 005 | 20250807235853.0 | ||
| 007 | t| | ||
| 008 | 950607s1976 sp |||| | spa d | ||
| 020 | _a84-220-0741-X | ||
| 080 | _a27-31 | ||
| 100 | 1 |
_aGonzález Gil, Manuel M. _958672 |
|
| 245 | 1 | 0 |
_aCristo, el misterio de Dios _b: cristología y soteriología / _cpor Manuel M. González Gil. |
| 260 |
_aMadrid : _bLa Editorial Católica, _c1976. |
||
| 300 |
_a2 v. ; _c20 cm. |
||
| 490 | 1 |
_aBiblioteca de autores cristianos ; _v380, 381. _aHistoria salutis |
|
| 650 | 0 | 4 |
_aCristología. _911443 |
| 650 | 0 | 4 |
_aSalvación. _916978 |
| 830 | 0 | 0 |
_aBiblioteca de autores cristianos. _pHistoria salutis _v380, 381. _9178685 |
| 852 |
_aES-MaACL _jJ-373-74 |
||
| 999 |
_c10410 _d10410 |
||